01021nam a2200265Ia 4500001000700000003000500007008004100012010001100053040000900064090001600073100004900089245018100138260004200319300001000361502012000371650002700491650003400518901001600552902000600568910000900574942000600583942000600589999001900595952014100614Z_1372CHAP220113s197? xx 000 0 und d a164461 cCHAP aTesis L 251 aLaguna Legorreta, Guillermo Guadalupe964446 aValoración del 4-tert-butil-2 clorofenil dimetil fosforoamidato [Ruelene] en aplicación dorsal como antihelmítico en becerros /cpor Guillermo Guadalupe Laguna Legorreta aGuadalajara, Jal. :bEl autor,c197? a57 h. aTesis (Médico Veterinario Zootecnista) -- Universidad de Guadalajara. Escuela de Medicina Veterinaria y Zootecnia aAntihelmiticos9138581 aBecerrosxParásitos 911185 aTESIS L 251 aM a197? c2 c2 c164461d164461 00102local4051708TESISaZbZd2005-11-09eEl autorl0oTesis L34 251 197?p5101000380r2022-01-18 00:00:00tEj.1w2022-01-18yTESIS